"Pillowtalk" - ZAYN Lyrics - Statistics

General Stats
  • This quiz has been taken 663 times
  • The average score is 18 of 22
Answer Stats
Lyrics Answer % Correct
I'm seeing the ….., pain
93%
Nobody but you, 'body but me, 'body but … us
93%
seeing the ……….. pleasure
91%
……… together Bodies
90%
I'd love to …… … next to you wake up
90%
I'd love to …... … next to you wake up
90%
I'd love to hold you close, ……….. … …….. tonight and always
89%
I'd love to hold you close, ……….. … …….. tonight and always
89%
Light and ….. dark
86%
Climb on …... board
84%
We'll go slow, and high …... tempo
83%
It's our ……………, paradise
81%
Be in the …. all day, …. all day, …. all day bed
79%
The place to lose your …... fears
79%
Yeah, …….…. behaviour reckless
79%
and it's our …. …... war zone
77%
F**king in, ………. on fighting
74%
In the place that feels the ….. tears
72%
Hold me hard and …….. mellow
69%
So we'll …. … … ………. piss off the neighbours
66%
A place that is so ….. pure
62%
So ……. … ….. dirty and raw
55%
No matching quizzes found
Score Distribution
Percent of People with Each Score
Percentile by Number Answered
Your Score History
You have not taken this quiz